000 00403cam a22001217a 4500
008 180718b1981 xxu||||| |||| 00| 0 eng d
082 _aA81x54 In2/81/9/PAP2/1981
100 _aCensus of India 1981
245 _aKarnataka: provisional population totals
260 _aDelhi
_bThe Controller of Publications
_c1981
300 _a541+p.
440 _aCensus of India 1981. Series-9, Karnataka. Paper 2 of 1981
999 _c482770
_d482770